[Event "NAYCC U10"]
[Site "Windsor CAN"]
[Date "2016.08.10"]
[Round "6.128"]
[White "Kondakov, Adrian"]
[Black "Oberoi, Shelev"]
[Result "0-1"]
[WhiteElo "1675"]
[BlackElo "1618"]
[PlyCount "96"]
[EventDate "2016.08.07"]
[EventType "swiss"]
[EventRounds "9"]
[EventCountry "CAN"]

1. e4 e5 2. Nf3 Nc6 3. Bb5 f5 4. d3 fxe4 5. dxe4 Nf6 6. O-O d6 7. Nbd2 Be7 8.
c3 O-O 9. Qe2 Qe8 10. Bc4+ Kh8 11. b4 Nh5 12. g3 Bg4 13. Qe3 Qg6 14. Kh1 Bh3
15. Rg1 Qh6 16. Qxh6 gxh6 17. Be2 Nf6 18. Bf1 Bxf1 19. Rxf1 Nxe4 20. Nxe4 Rxf3
21. Kg2 Rd3 22. Bb2 d5 23. Nc5 Bxc5 24. bxc5 Rf8 25. Rad1 Rff3 26. Rfe1 Kg7 27.
Rxd3 Rxd3 28. Re2 Kf6 29. h4 Na5 30. Kh3 Nc4 31. Kg4 b6 32. cxb6 axb6 33. Kh5
Kg7 34. Bc1 Rxc3 35. Bxh6+ Kf7 36. g4 d4 37. f4 d3 38. Re1 d2 39. Rd1 Rc1 40.
Rxd2 Nxd2 41. fxe5 Rc2 42. Bf4 Nf3 43. g5 Rxa2 44. Kg4 Nd4 45. Kh5 Ne6 46. Bc1
Ra4 47. Be3 Ng7+ 48. Kh6 Rxh4# 0-1

[Event "NAYCC U10"]
[Site "Windsor CAN"]
[Date "2016.08.10"]
[Round "6.129"]
[White "Vijayakumar, Advaith"]
[Black "Prestia, Frank"]
[Result "1/2-1/2"]
[WhiteElo "1402"]
[BlackElo "1640"]
[PlyCount "138"]
[EventDate "2016.08.07"]
[EventType "swiss"]
[EventRounds "9"]
[EventCountry "CAN"]

1. d4 e6 2. Nf3 Nf6 3. Bf4 c5 4. c3 cxd4 5. cxd4 Bb4+ 6. Bd2 Bxd2+ 7. Nbxd2 b6
8. e3 Bb7 9. Bd3 O-O 10. O-O Na6 11. a3 Qe7 12. Qe2 Nc7 13. e4 d6 14. Rac1 e5
15. d5 Nh5 16. g3 Nf6 17. Nc4 Bc8 18. Kg2 Bg4 19. h3 Bh5 20. Ne3 Bg6 21. Nc4
Nd7 22. Nxd6 Nxd5 23. exd5 Qxd6 24. Bxg6 fxg6 25. Rfd1 Rac8 26. Qe4 Rfe8 27.
Rxc8 Rxc8 28. b4 b5 29. Qe3 a6 30. Rd3 Rc4 31. Nd2 Rc8 32. Ne4 Qe7 33. d6 Qe6
34. Nc5 Nxc5 35. bxc5 a5 36. d7 Rd8 37. Rd6 Qe7 38. Qb3+ Kf8 39. Qxb5 e4 40.
Qc6 e3 41. Qf3+ Kg8 42. Qxe3 Rxd7 43. Qb3+ Kf8 44. Qb8+ Qe8 45. Qxe8+ Kxe8 46.
Ra6 Rd3 47. Rxa5 Rc3 48. a4 Rc4 49. Ra7 Rxc5 50. Rxg7 Rh5 51. g4 Ra5 52. Rxh7
Rxa4 53. Rg7 Ra6 54. Kg3 Kf8 55. Rb7 Kg8 56. f4 Ra3+ 57. Kh4 Rf3 58. Rb6 Kf7
59. Kg5 Rxh3 60. Rxg6 Rg3 61. Rf6+ Kg7 62. Kh4 Rxg4+ 63. Kxg4 Kxf6 64. f5 Kf7
65. Kg5 Kg7 66. f6+ Kf7 67. Kf5 Kf8 68. Ke6 Ke8 69. f7+ Kf8 1/2-1/2

[Event "NAYCC U10"]
[Site "Windsor CAN"]
[Date "2016.08.10"]
[Round "6.130"]
[White "Kamath, Atul"]
[Black "Zhang, Henry Z"]
[Result "1-0"]
[WhiteElo "1637"]
[BlackElo "1315"]
[PlyCount "111"]
[EventDate "2016.08.07"]
[EventType "swiss"]
[EventRounds "9"]
[EventCountry "CAN"]

1. e4 c5 2. Nf3 e6 3. d4 cxd4 4. Nxd4 Nc6 5. Nc3 a6 6. Be3 Qc7 7. Be2 Nf6 8.
O-O Be7 9. Qd2 O-O 10. f4 d6 11. Rad1 e5 12. Nb3 exf4 13. Bxf4 Ne5 14. Kh1 Be6
15. Nd5 Bxd5 16. exd5 Ne4 17. Qe3 f5 18. Nd4 Nc4 19. Qc3 Na5 20. Qd3 Qb6 21.
Nxf5 Rxf5 22. Qxe4 Rf7 23. b4 Raf8 24. Bg4 Kh8 25. Be6 Rf6 26. bxa5 Qxa5 27.
Rf3 Qxa2 28. h3 Qa5 29. Bd2 Qc7 30. Rxf6 Bxf6 31. Rf1 Qd8 32. Qb4 Be5 33. Rxf8+
Qxf8 34. Qb6 Qf1+ 35. Qg1 Qf8 36. Qe1 Qf6 37. Qe2 Qf8 38. Qf3 Qxf3 39. gxf3 g6
40. Bc8 b6 41. Be3 b5 42. Bxa6 b4 43. Bd2 Bc3 44. Bxc3+ bxc3 45. Kg2 Kg7 46.
Kf2 Kf6 47. f4 h6 48. Bc8 Ke7 49. Ke3 Kf6 50. Kd4 g5 51. fxg5+ hxg5 52. Kxc3
Ke5 53. Be6 Kf6 54. Kd4 Ke7 55. Ke4 Kf6 56. c4 1-0

[Event "NAYCC U10"]
[Site "Windsor CAN"]
[Date "2016.08.10"]
[Round "6.131"]
[White "Xie, Austin"]
[Black "Tsay, William"]
[Result "1-0"]
[WhiteElo "1232"]
[BlackElo "1399"]
[PlyCount "109"]
[EventDate "2016.08.07"]
[EventType "swiss"]
[EventRounds "9"]
[EventCountry "CAN"]

1. e4 d5 2. exd5 Qxd5 3. Nc3 Qd6 4. Bc4 c6 5. Nf3 Bg4 6. Bxf7+ Kxf7 7. Ng5+ Ke8
8. Qxg4 h6 9. Qc8+ Qd8 10. Qxd8+ Kxd8 11. Nf7+ Kc7 12. Nxh8 e6 13. d4 g5 14. h4
g4 15. Ng6 Bg7 16. Nf4 Kd7 17. Be3 Na6 18. O-O-O Nf6 19. f3 Nc7 20. fxg4 Nxg4
21. Rh3 Nxe3 22. Rxe3 Re8 23. Ne4 b6 24. Nh5 Bh8 25. Nef6+ Kd8 26. Nxe8 Kxe8
27. g4 Ke7 28. g5 hxg5 29. hxg5 Ne8 30. Rde1 Nc7 31. Ng3 Kd7 32. c3 a5 33. g6
Kc8 34. Nh5 Kb7 35. g7 Bxg7 36. Nxg7 Nd5 37. Rxe6 Nf4 38. b3 Nd5 39. Re7+ Ka6
40. c4 Nxe7 41. Rxe7 b5 42. c5 a4 43. Rc7 axb3 44. Rxc6+ Ka5 45. d5 b2+ 46. Kb1
b4 47. d6 b3 48. d7 bxa2+ 49. Kxb2 a1=Q+ 50. Kxa1 Kb5 51. Rb6+ Kc4 52. d8=Q Kc3
53. c6 Kc4 54. c7 Kc5 55. c8=R# 1-0

[Event "NAYCC U10"]
[Site "Windsor CAN"]
[Date "2016.08.10"]
[Round "6.132"]
[White "Rama, Tejas"]
[Black "Prestia, Paris"]
[Result "0-1"]
[WhiteElo "1712"]
[BlackElo "1591"]
[PlyCount "128"]
[EventDate "2016.08.07"]
[EventType "swiss"]
[EventRounds "9"]
[EventCountry "CAN"]

1. d4 Nf6 2. c4 c5 3. d5 e6 4. Nc3 exd5 5. cxd5 d6 6. Bg5 g6 7. Nf3 Bg7 8. e4
O-O 9. Bd3 Re8 10. O-O Qb6 11. Qc2 Bd7 12. Nd2 Na6 13. Nc4 Qc7 14. a3 b5 15.
Nd2 c4 16. Be2 Nc5 17. f3 Rec8 18. Be3 a6 19. Rfc1 Ne8 20. Kh1 Qd8 21. Bg1 Bh6
22. Bxc5 Rxc5 23. Rd1 Bg7 24. Rab1 Rac8 25. Nf1 Bf6 26. Ne3 Ng7 27. Qd2 Nh5 28.
g3 Qe7 29. Nc2 a5 30. Rdc1 Ng7 31. Nd4 Qe5 32. Rd1 b4 33. axb4 axb4 34. Na2 c3
35. bxc3 bxc3 36. Qc2 Qe8 37. Rb4 Bd8 38. Bb5 Bxb5 39. Nxb5 Rxb5 40. Rxb5 Qxb5
41. Rb1 Qc4 42. Rc1 Ba5 43. Kg2 Ne8 44. Kf2 Bb6+ 45. Kg2 Be3 46. Rb1 Bd2 47.
Qd1 Qxa2 48. Ra1 Qb2 49. Qb1 Qxb1 50. Rxb1 c2 51. Rf1 c1=Q 52. Rxc1 Bxc1 53.
Kf2 Rc2+ 54. Kg1 Be3+ 55. Kh1 Nc7 56. e5 Nb5 57. exd6 Nxd6 58. h4 Nc4 59. d6
Kf8 60. d7 Ke7 61. d8=Q+ Kxd8 62. h5 Ne5 63. hxg6 Nxf3 64. g7 Rh2# 0-1

[Event "NAYCC U10"]
[Site "Windsor CAN"]
[Date "2016.08.10"]
[Round "6.133"]
[White "Shlionsky, Aryah"]
[Black "Guo, Roger"]
[Result "0-1"]
[WhiteElo "1893"]
[BlackElo "1183"]
[PlyCount "75"]
[EventDate "2016.08.07"]
[EventType "swiss"]
[EventRounds "9"]
[EventCountry "CAN"]

1. e4 e5 2. Nf3 Nc6 3. d4 exd4 4. Nxd4 Bc5 5. Nb3 Bb6 6. Nc3 Nf6 7. Bg5 h6 8.
Bh4 O-O 9. Nd5 Ne5 10. Bxf6 gxf6 11. Nxb6 axb6 12. Be2 Ng6 13. O-O d6 14. Qd2
Kg7 15. Bd3 Be6 16. Nd4 Bg4 17. f3 Bd7 18. f4 c5 19. Nf5+ Kh7 20. Nxd6 Bc6 21.
e5 Rg8 22. Nxf7 Qd4+ 23. Kh1 Kg7 24. Nxh6 Nh4 25. exf6+ Kxh6 26. f5+ Kh7 27.
Rf4 Bxg2+ 28. Qxg2 Qxf4 29. Qxb7+ Kh6 30. f7 Rgf8 31. Qxb6+ Kh7 32. Qb7 Nf3 33.
f6+ Kh8 34. Kg2 Rg8+ 35. fxg8=Q+ Rxg8+ 36. Kf2 Qxh2+ 37. Kxf3 Rg3+ 38. Kf4 0-1

[Event "NAYCC U10"]
[Site "Windsor CAN"]
[Date "2016.08.10"]
[Round "6.134"]
[White "Dinatolo, Zack"]
[Black "Zheng, Michael"]
[Result "0-1"]
[WhiteElo "1365"]
[BlackElo "1811"]
[PlyCount "78"]
[EventDate "2016.08.07"]
[EventType "swiss"]
[EventRounds "9"]
[EventCountry "CAN"]

1. e4 c5 2. c3 Nf6 3. e5 Nd5 4. d4 cxd4 5. cxd4 Nc6 6. Nf3 d6 7. exd6 Qxd6 8.
Nc3 Bg4 9. Be2 e6 10. Nxd5 Qxd5 11. O-O Be7 12. Be3 O-O 13. Rc1 Rad8 14. a3 Bf6
15. Rc5 Qd6 16. Rc4 Rb8 17. h3 Bxf3 18. Bxf3 Nxd4 19. Rb4 Nxf3+ 20. Qxf3 b6 21.
Rc1 Be5 22. Qg4 f5 23. Qf3 Rf7 24. Bd4 Rd7 25. Rd1 Qe7 26. Qe3 Qf6 27. Qxe5
Qxe5 28. Bxe5 Rxd1+ 29. Kh2 Rbd8 30. Ra4 R8d7 31. f3 R1d2 32. Bc3 Re2 33. Rh4
h6 34. Kg3 e5 35. Kh2 Rd3 36. Rc4 Rxf3 37. Rc8+ Kf7 38. Rc7+ Kf6 39. Rxa7 Rff2
0-1

[Event "NAYCC U10"]
[Site "Windsor CAN"]
[Date "2016.08.10"]
[Round "6.135"]
[White "Yuan, Edison"]
[Black "Xing, Blair"]
[Result "1-0"]
[WhiteElo "1666"]
[BlackElo "920"]
[PlyCount "87"]
[EventDate "2016.08.07"]
[EventType "swiss"]
[EventRounds "9"]
[EventCountry "CAN"]

1. e4 e5 2. Nf3 Nc6 3. d4 d6 4. dxe5 Bg4 5. exd6 Bxd6 6. Be2 Qe7 7. h3 Bxf3 8.
Bxf3 O-O-O 9. Bd2 Be5 10. c3 Nb4 11. O-O Nf6 12. Qb3 Nc6 13. Bg5 h6 14. Bxf6
Qxf6 15. Na3 Qf4 16. Bg4+ Kb8 17. g3 Qf6 18. Nc4 Bd6 19. Nxd6 Rxd6 20. Rad1
Rhd8 21. Rxd6 Rxd6 22. Rd1 Rxd1+ 23. Qxd1 Qe5 24. Qf3 Qe7 25. Qf5 a6 26. Qd5 g6
27. Kg2 h5 28. Be2 f5 29. Bf3 fxe4 30. Bxe4 g5 31. Qf5 Qg7 32. Bxc6 bxc6 33.
Qc5 Kb7 34. Qd4 Qf7 35. a3 Qb3 36. Qb4+ Qxb4 37. cxb4 Kc8 38. Kf3 Kd7 39. Ke4
Ke6 40. g4 h4 41. f4 gxf4 42. Kxf4 Kf6 43. g5+ Kg6 44. Kg4 1-0

[Event "NAYCC U10"]
[Site "Windsor CAN"]
[Date "2016.08.10"]
[Round "6.136"]
[White "Zhao, Jeffrey R"]
[Black "Gaisinsky, Jacob"]
[Result "1-0"]
[WhiteElo "1496"]
[BlackElo "1167"]
[PlyCount "55"]
[EventDate "2016.08.07"]
[EventType "swiss"]
[EventRounds "9"]
[EventCountry "CAN"]

1. e4 e5 2. Nf3 Nc6 3. Bb5 a6 4. Ba4 Nf6 5. O-O Be7 6. Re1 b5 7. Bb3 O-O 8. a4
Bb7 9. c3 Na5 10. Bc2 d6 11. h3 Re8 12. d3 h6 13. Nbd2 Bf8 14. Nf1 c6 15. b4 d5
16. exd5 cxd5 17. bxa5 Qxa5 18. Bb2 e4 19. axb5 Qxb5 20. Rb1 exf3 21. Rxe8 Nxe8
22. Qxf3 d4 23. Qe2 Qg5 24. Ng3 dxc3 25. Bxc3 Qd5 26. f3 Rc8 27. Ne4 f5 28. Bb3
1-0

[Event "NAYCC U10"]
[Site "Windsor CAN"]
[Date "2016.08.10"]
[Round "6.137"]
[White "Yuan, Kevin"]
[Black "Zhu, Max"]
[Result "0-1"]
[WhiteElo "975"]
[BlackElo "1436"]
[PlyCount "132"]
[EventDate "2016.08.07"]
[EventType "swiss"]
[EventRounds "9"]
[EventCountry "CAN"]

1. e4 e5 2. Nf3 Nc6 3. d4 exd4 4. Bc4 Nf6 5. O-O d6 6. h3 Be6 7. Bxe6 fxe6 8.
Re1 e5 9. c3 dxc3 10. Nxc3 Ne7 11. Qb3 Ng6 12. Qxb7 h6 13. Nb5 Rb8 14. Qc6+ Qd7
15. Qxd7+ Kxd7 16. Nc3 Nh5 17. b3 Nhf4 18. Bxf4 Nxf4 19. Rad1 Ke6 20. Kh2 c6
21. g3 Nh5 22. Rd3 g5 23. Red1 Nf6 24. Ne1 h5 25. Nc2 Rd8 26. Nb4 Rc8 27. Nc2
Rh7 28. R1d2 h4 29. g4 Rd7 30. Ne3 Rcd8 31. Nf5 d5 32. exd5+ cxd5 33. Re2 d4
34. Ne4 Nxe4 35. Rxe4 Ba3 36. Re2 Bc1 37. Rc2 Bf4+ 38. Kg2 e4 39. Re2 Ke5 40.
Kg1 Rc8 41. f3 e3 42. Nxe3 Bxe3+ 43. Rexe3+ dxe3 44. Rxd7 Kf4 45. Rxa7 Kg3 46.
Kf1 Kxh3 47. Ke2 Kg3 48. Kxe3 h3 49. Rh7 h2 50. b4 Ra8 51. b5 Rxa2 52. b6 Rb2
53. b7 Rxb7 54. Rxb7 h1=Q 55. Rf7 Qe1+ 56. Kd4 Qd2+ 57. Ke4 Qe2+ 58. Kd4 Qxf3
59. Rxf3+ Kxf3 60. Kd3 Kxg4 61. Ke2 Kg3 62. Kf1 Kh2 63. Kf2 g4 64. Kf1 g3 65.
Ke2 g2 66. Kf3 g1=Q 0-1

[Event "NAYCC U10"]
[Site "Windsor CAN"]
[Date "2016.08.10"]
[Round "6.138"]
[White "Singireddy, Ruthvik"]
[Black "Liu, Kevin"]
[Result "0-1"]
[WhiteElo "1398"]
[BlackElo "914"]
[PlyCount "52"]
[EventDate "2016.08.07"]
[EventType "swiss"]
[EventRounds "9"]
[EventCountry "CAN"]

1. e4 c5 2. c3 d5 3. exd5 Qxd5 4. d4 Nc6 5. Nf3 Bg4 6. Be2 cxd4 7. cxd4 Nf6 8.
Nc3 Qd8 9. d5 Bxf3 10. Bxf3 Ne5 11. Bf4 Nxf3+ 12. Qxf3 g6 13. O-O Bg7 14. Rad1
O-O 15. d6 e6 16. Ne4 Nd5 17. Nc5 Qa5 18. Nxb7 Qb5 19. Qb3 Qxb3 20. axb3 Nxf4
21. d7 Bf6 22. Rc1 Ne2+ 23. Kh1 Nxc1 24. Rxc1 Rab8 25. Nd6 Rxb3 26. Rc8 Rd3 0-1

[Event "NAYCC U10"]
[Site "Windsor CAN"]
[Date "2016.08.10"]
[Round "6.139"]
[White "Fu, Steven"]
[Black "Srinivas, Atharva"]
[Result "0-1"]
[WhiteElo "826"]
[BlackElo "1388"]
[PlyCount "152"]
[EventDate "2016.08.07"]
[EventType "swiss"]
[EventRounds "9"]
[EventCountry "CAN"]

1. e4 e5 2. Nf3 Nc6 3. Be2 Nf6 4. Nc3 Bb4 5. d3 d5 6. exd5 Nxd5 7. Bd2 O-O 8.
O-O Nxc3 9. bxc3 Bc5 10. Bg5 f6 11. Bh4 Bg4 12. h3 Bh5 13. c4 Bg6 14. c3 Kh8
15. Nxe5 Nxe5 16. d4 Bxd4 17. cxd4 Nc6 18. d5 Ne5 19. Re1 Qd7 20. f4 Nf7 21.
Bg4 f5 22. Bf3 Rfe8 23. Qb3 b6 24. d6 Rac8 25. dxc7 Qxc7 26. Qa4 Rxe1+ 27. Rxe1
Nd6 28. Qb3 Qxc4 29. Qxc4 Rxc4 30. Rd1 Ne8 31. Bg3 h6 32. Kf1 Rc8 33. Rd7 Rc7
34. Rd8 Kh7 35. Bd5 Nf6 36. Bb3 Rd7 37. Rc8 Bf7 38. Bxf7 Rxf7 39. Rd8 Rd7 40.
Rxd7 Nxd7 41. Bf2 Kg6 42. Ke2 Kf6 43. Kd3 Ke6 44. Kc4 a6 45. a4 Kd6 46. Kb4 Kc6
47. a5 b5 48. g4 g6 49. Bg1 Nf6 50. g5 Nd5+ 51. Kb3 h5 52. Bh2 b4 53. h4 Kb5
54. Bg1 Kxa5 55. Bc5 Kb5 56. Bxb4 Nxb4 57. Ka3 Nd5 58. Kb3 Nxf4 59. Kc3 a5 60.
Kd2 a4 61. Kc2 Kb4 62. Kb1 a3 63. Ka2 Nd3 64. Kb1 f4 65. Kc2 a2 66. Kxd3 a1=Q
67. Ke4 f3 68. Kxf3 Qd4 69. Kg3 Qe4 70. Kh3 Qg4+ 71. Kh2 Kc3 72. Kh1 Kd3 73.
Kh2 Ke2 74. Kh1 Kf2 75. Kh2 Qg3+ 76. Kh1 Qh3# 0-1

[Event "NAYCC U10"]
[Site "Windsor CAN"]
[Date "2016.08.10"]
[Round "6.140"]
[White "Ripley, Noah"]
[Black "Eirew, David"]
[Result "1/2-1/2"]
[WhiteElo "684"]
[BlackElo "657"]
[PlyCount "54"]
[EventDate "2016.08.07"]
[EventType "swiss"]
[EventRounds "9"]
[EventCountry "CAN"]

1. e4 e5 2. Nf3 Nc6 3. Nc3 Nf6 4. Bc4 Bc5 5. d3 Ng4 6. O-O Nxf2 7. Rxf2 Bxf2+
8. Kxf2 d6 9. Be3 Bg4 10. h3 Bxf3 11. Qxf3 O-O 12. Qg3 Qf6+ 13. Kg1 Nd4 14. Rf1
Qg6 15. Qxg6 hxg6 16. Bxd4 exd4 17. Ne2 c5 18. c3 dxc3 19. bxc3 Rad8 20. Bd5 b6
21. d4 cxd4 22. cxd4 Rc8 23. Rc1 Rxc1+ 24. Nxc1 Rc8 25. Nd3 Rc3 26. Nb4 g5 27.
Nc6 a5 1/2-1/2

[Event "NAYCC U10"]
[Site "Windsor CAN"]
[Date "2016.08.10"]
[Round "6.141"]
[White "Morris-Suzuki, Alan"]
[Black "Marcelloni, Jacob"]
[Result "1-0"]
[WhiteElo "1025"]
[BlackElo "786"]
[PlyCount "47"]
[EventDate "2016.08.07"]
[EventType "swiss"]
[EventRounds "9"]
[EventCountry "CAN"]

1. d4 Nf6 2. c4 g6 3. Nc3 d5 4. cxd5 Nxd5 5. e4 Nxc3 6. bxc3 Bg7 7. Bc4 c5 8.
Nf3 Nc6 9. Ng5 e6 10. O-O O-O 11. d5 exd5 12. exd5 Na5 13. Qd3 Nxc4 14. Qxc4
Bh6 15. Nxf7 Rxf7 16. Bxh6 g5 17. Rfe1 Bd7 18. d6 Qf6 19. Re7 b5 20. Rxf7 Qxf7
21. Qxc5 Qg6 22. Qd5+ Be6 23. Qxa8+ Kf7 24. Qf8# 1-0

[Event "NAYCC U10"]
[Site "Windsor CAN"]
[Date "2016.08.10"]
[Round "6.121"]
[White "Trakru, Rohun"]
[Black "Prem, Pranav"]
[Result "1/2-1/2"]
[WhiteElo "1724"]
[BlackElo "1725"]
[PlyCount "67"]
[EventDate "2016.08.07"]
[EventType "swiss"]
[EventRounds "9"]
[EventCountry "CAN"]

1. e4 e6 2. d4 d5 3. Nd2 Nf6 4. e5 Nfd7 5. Bd3 c5 6. c3 Nc6 7. Ne2 cxd4 8. cxd4
f6 9. exf6 Nxf6 10. Nf3 Bd6 11. O-O Qc7 12. Ng3 O-O 13. Bg5 h6 14. Bd2 Qb6 15.
Bc3 Bd7 16. Qb3 Qc7 17. Rae1 Rfe8 18. Bb1 Ne7 19. Ne5 a6 20. f4 Nf5 21. Nxf5
exf5 22. Rc1 Be6 23. Bb4 Qb6 24. Bxd6 Qxd6 25. Qxb7 Rab8 26. Qc6 Qb4 27. Nf3
Rb6 28. Qc3 Qxb2 29. Qxb2 Rxb2 30. Rf2 Reb8 31. Bd3 Rxf2 32. Kxf2 Rb2+ 33. Rc2
Rb6 34. Ne5 1/2-1/2

[Event "NAYCC U10"]
[Site "Windsor CAN"]
[Date "2016.08.10"]
[Round "6.122"]
[White "Tang, Andrew"]
[Black "Issani, Nameer"]
[Result "0-1"]
[WhiteElo "1539"]
[BlackElo "1972"]
[PlyCount "138"]
[EventDate "2016.08.07"]
[EventType "swiss"]
[EventRounds "9"]
[EventCountry "CAN"]

1. e4 e5 2. Nf3 Nc6 3. Bb5 a6 4. Ba4 Nf6 5. O-O Be7 6. d3 b5 7. Bb3 d6 8. a4
Rb8 9. Re1 O-O 10. Nbd2 Na5 11. Ba2 c5 12. h3 h6 13. Nf1 Re8 14. c3 Bf8 15. Ng3
Bb7 16. Nf5 c4 17. dxc4 Bxe4 18. Rxe4 Nxe4 19. cxb5 Qf6 20. Ne3 axb5 21. Nd5
Qd8 22. axb5 Nf6 23. b4 Nb7 24. Be3 Nxd5 25. Bxd5 Qc8 26. Qb3 Nd8 27. Ra7 Re7
28. b6 Nb7 29. Nd2 Kh8 30. Bxf7 Nd8 31. Bd5 Nc6 32. Rxe7 Nxe7 33. b7 Qc7 34.
Ba7 Rxb7 35. Bxb7 Qxb7 36. Be3 Nf5 37. Nc4 Qc7 38. Bb6 Qb8 39. Ne3 Ne7 40. Ba5
Nc6 41. Qa4 Qa8 42. Nc4 Nxa5 43. Qxa5 Qe4 44. Ne3 Qb1+ 45. Nf1 e4 46. Qf5 Be7
47. f3 d5 48. Qxd5 e3 49. Qe5 Bg5 50. f4 Bxf4 51. Qe8+ Kh7 52. Qh5 Qc2 53. Qf3
e2 54. Qf2 Qd1 55. Qxf4 e1=Q 56. Qf5+ Kg8 57. Qc8+ Kf7 58. Qf5+ Ke7 59. Qc5+
Qd6 60. Qa7+ Kf6 61. Qb7 Qxc3 62. Qb5 Qcxb4 63. Qe2 Qbd4+ 64. Kh1 Q6f4 65. Qa6+
Kf7 66. Qb7+ Kg8 67. Qc8+ Kh7 68. Qc2+ Qde4 69. Qd1 Qf2 0-1

[Event "NAYCC U10"]
[Site "Windsor CAN"]
[Date "2016.08.10"]
[Round "6.123"]
[White "Guipi Bopala, Prince Eric jr"]
[Black "Kang, Dorian"]
[Result "0-1"]
[WhiteElo "1572"]
[BlackElo "1528"]
[PlyCount "106"]
[EventDate "2016.08.07"]
[EventType "swiss"]
[EventRounds "9"]
[EventCountry "CAN"]

1. d4 Nf6 2. c4 g6 3. Nc3 d5 4. cxd5 Nxd5 5. e4 Nxc3 6. bxc3 Bg7 7. Nf3 c5 8.
Rb1 Qa5 9. Qd2 Nc6 10. Rb5 Qc7 11. Rxc5 b6 12. Rc4 Ba6 13. Ra4 Bxf1 14. Rxf1
O-O 15. Qf4 e5 16. Qg3 b5 17. Ra3 b4 18. Rb3 Na5 19. Rxb4 Qxc3+ 20. Bd2 Qa1+
21. Ke2 Qxa2 22. d5 Rac8 23. Rd1 Rfe8 24. Kf1 Qc2 25. Re1 Qd3+ 26. Kg1 Rc2 27.
Re3 Qa6 28. Ra4 Rc5 29. Rea3 Rb8 30. Ra1 Rbb5 31. Bb4 Rc4 32. Rxa5 Rxa5 33.
Bxa5 Qxa5 34. Re1 Qc7 35. Nd2 Rc3 36. Qg4 a5 37. Rd1 Rd3 38. Nf1 Rd4 39. Qe2
Qc5 40. Qe3 Qc2 41. Rc1 Qb2 42. Rc8+ Bf8 43. Qg5 Qb4 44. Qxe5 Rxe4 45. Qc7 Rd4
46. Qe5 a4 47. Rc7 a3 48. Qe8 Rf4 49. g3 Rf6 50. Qe5 Qd6 51. Qc3 Qb6 52. Rc8
Qxf2+ 53. Kh1 Qxf1# 0-1

[Event "NAYCC U10"]
[Site "Windsor CAN"]
[Date "2016.08.10"]
[Round "6.124"]
[White "Vu, Leonard"]
[Black "Chen, Max"]
[Result "1-0"]
[WhiteElo "1862"]
[BlackElo "1536"]
[PlyCount "111"]
[EventDate "2016.08.07"]
[EventType "swiss"]
[EventRounds "9"]
[EventCountry "CAN"]

1. c4 Nf6 2. g3 g6 3. b3 Bg7 4. Bb2 O-O 5. Bg2 c5 6. Nc3 Nc6 7. Nf3 e6 8. O-O
d5 9. cxd5 Nxd5 10. Qc2 b6 11. Nxd5 exd5 12. Bxg7 Kxg7 13. d4 Bf5 14. Qd2 Qd6
15. Rfd1 Rfd8 16. Rac1 Nb4 17. dxc5 bxc5 18. a3 Na6 19. Ng5 f6 20. Qb2 Qc6 21.
Nf3 Qb6 22. Qc3 Rab8 23. Nd2 Qb5 24. e3 Rbc8 25. Bf1 Qb6 26. Bxa6 Qxa6 27. b4
d4 28. Qc4 Qxa3 29. Ra1 cxb4 30. Rxa3 bxa3 31. Qb3 dxe3 32. Qxe3 Rd7 33. Ra1
Bh3 34. g4 Bxg4 35. Rxa3 Rcc7 36. Qf4 Bf5 37. Nc4 Be6 38. Nd6 Bf7 39. Rf3 f5
40. Qe5+ Kg8 41. Rg3 Kf8 42. Qh8+ Bg8 43. Qf6+ Bf7 44. Nxf7 Rxf7 45. Qh8+ Ke7
46. Re3+ Kd7 47. Qe8+ Kd6 48. Qe6+ Kc5 49. Re5+ Kb4 50. Qd6+ Kc4 51. Qd5+ Kb4
52. Re3 Rb7 53. Rb3+ Ka4 54. Qc4+ Ka5 55. Qc5+ Ka6 56. Ra3# 1-0

[Event "NAYCC U10"]
[Site "Windsor CAN"]
[Date "2016.08.10"]
[Round "6.125"]
[White "Bui, Alan"]
[Black "Zong, Davis"]
[Result "1/2-1/2"]
[WhiteElo "1404"]
[BlackElo "1675"]
[PlyCount "68"]
[EventDate "2016.08.07"]
[EventType "swiss"]
[EventRounds "9"]
[EventCountry "CAN"]

1. d4 d5 2. Nf3 Nf6 3. Bf4 c5 4. c3 e6 5. e3 Nc6 6. Bd3 Be7 7. Nbd2 O-O 8. O-O
Nh5 9. Bg3 Nxg3 10. hxg3 Rb8 11. Ne5 Nxe5 12. dxe5 Qc7 13. f4 c4 14. Bc2 Bc5
15. Kf2 Qb6 16. Qe2 Qxb2 17. Nxc4 Qxc3 18. Rfc1 f5 19. Bd1 Qxc4 20. Rxc4 dxc4
21. Qxc4 b6 22. g4 Kh8 23. gxf5 exf5 24. Bf3 Bb7 25. Rd1 Bxf3 26. Kxf3 Rb7 27.
Qd5 Re7 28. Qd8 Ree8 29. Qg5 Re7 30. Rd5 Ref7 31. e6 Be7 32. Qg3 Rf6 33. Rd7
Rxe6 34. Rxa7 Rg8 1/2-1/2

[Event "NAYCC U10"]
[Site "Windsor CAN"]
[Date "2016.08.10"]
[Round "6.126"]
[White "Pan, Kevin"]
[Black "Mundayat, Abinav"]
[Result "1/2-1/2"]
[WhiteElo "1936"]
[BlackElo "1577"]
[PlyCount "93"]
[EventDate "2016.08.07"]
[EventType "swiss"]
[EventRounds "9"]
[EventCountry "CAN"]

1. e4 c5 2. Nc3 e6 3. f4 d5 4. Bb5+ Bd7 5. Bxd7+ Qxd7 6. Nf3 Nc6 7. O-O Nge7 8.
d3 d4 9. Ne2 g6 10. Ng3 Bg7 11. Bd2 O-O 12. f5 exf5 13. Kh1 fxe4 14. Nxe4 b6
15. Qe1 f5 16. Neg5 Nd5 17. Nh3 Rae8 18. Qc1 Ne3 19. Bxe3 dxe3 20. Re1 f4 21.
Nhg5 Nd4 22. Rb1 h6 23. Nxd4 Bxd4 24. Nf3 Bg7 25. Qd1 g5 26. h3 Qf7 27. Nh2
Qxa2 28. Ra1 Qf7 29. c3 Qd7 30. Qb3+ Qf7 31. Qa4 Rd8 32. Red1 Rfe8 33. Qc2 a5
34. Qe2 Kh8 35. Rf1 Qd7 36. Rad1 a4 37. Ng4 Qd6 38. d4 cxd4 39. cxd4 Qg6 40.
Ne5 Bxe5 41. dxe5 Rxd1 42. Rxd1 Rxe5 43. Qc4 Re8 44. Qxa4 e2 45. Re1 Qf7 46.
Qd4+ Kg8 47. Qxb6 1/2-1/2

[Event "NAYCC U10"]
[Site "Windsor CAN"]
[Date "2016.08.10"]
[Round "6.127"]
[White "Rusonik, Max"]
[Black "Balachandran, Kousihan"]
[Result "1-0"]
[WhiteElo "1804"]
[BlackElo "1400"]
[PlyCount "118"]
[EventDate "2016.08.07"]
[EventType "swiss"]
[EventRounds "9"]
[EventCountry "CAN"]

1. e4 c5 2. Nf3 Nc6 3. d4 cxd4 4. Nxd4 g6 5. c4 Bg7 6. Be3 Nf6 7. Nc3 d6 8. Be2
Bd7 9. O-O O-O 10. f4 Rc8 11. Rc1 a6 12. Qe1 Nxe4 13. Nxe4 Nxd4 14. Bd3 Nf5 15.
Bf2 Re8 16. Qb4 Qc7 17. c5 d5 18. Nc3 e6 19. Bxf5 exf5 20. Nxd5 Qc6 21. Nb6 Rc7
22. Rfe1 Rxe1+ 23. Rxe1 Be6 24. b3 Bf8 25. Rc1 Bd5 26. Nxd5 Qxd5 27. Qc4 Qxc4
28. Rxc4 Be7 29. Kf1 Kg7 30. Ke2 Kf6 31. Bh4+ Ke6 32. Bxe7 Kxe7 33. Kd3 Ke6 34.
b4 Rd7+ 35. Kc3 f6 36. c6 Rc7 37. cxb7 Rxb7 38. Rc6+ Kd5 39. Rxa6 Rc7+ 40. Kd3
Rb7 41. a3 g5 42. Rxf6 Ra7 43. Rxf5+ Ke6 44. Ra5 Rd7+ 45. Ke4 gxf4 46. Ra6+ Ke7
47. Kxf4 Rd4+ 48. Ke3 Rd5 49. Ra7+ Kd6 50. Rxh7 Re5+ 51. Kf3 Kc6 52. g4 Rd5 53.
Rh6+ Kb5 54. Rh5 Rxh5 55. gxh5 Ka4 56. h6 Kxa3 57. h7 Kxb4 58. h8=Q Kb3 59. Qc8
Kb4 1-0

[Event "NAYCC U10"]
[Site "Windsor CAN"]
[Date "2016.08.10"]
[Round "7.131"]
[White "Vu, Leonard"]
[Black "Trakru, Rohun"]
[Result "0-1"]
[WhiteElo "1862"]
[BlackElo "1724"]
[PlyCount "68"]
[EventDate "2016.08.07"]
[EventType "swiss"]
[EventRounds "9"]
[EventCountry "CAN"]

1. e4 e6 2. d4 d5 3. e5 c5 4. c3 Qb6 5. Nf3 Nc6 6. Be2 cxd4 7. cxd4 Nge7 8. Nc3
Nf5 9. Bb5 Bd7 10. Bxc6 Bxc6 11. O-O h5 12. Rb1 Be7 13. a4 a5 14. Bf4 g5 15.
Nxg5 Qxd4 16. Qxd4 Nxd4 17. b3 Bb4 18. Be3 Bxc3 19. Bxd4 Bxd4 20. b4 axb4 21.
Rxb4 Bxe5 22. f4 Bd6 23. Rb2 Rg8 24. h4 Rxa4 25. Rfb1 Bc5+ 26. Kh2 Rxf4 27. Ra1
Rxh4+ 28. Kg3 Rg4+ 29. Kf3 R8xg5 30. Ra8+ Ke7 31. Rd2 d4+ 32. Ke2 Rxg2+ 33. Kd3
R5g3+ 34. Kc4 Rc3# 0-1

[Event "NAYCC U10"]
[Site "Windsor CAN"]
[Date "2016.08.10"]
[Round "7.132"]
[White "Issani, Nameer"]
[Black "Prem, Pranav"]
[Result "1-0"]
[WhiteElo "1972"]
[BlackElo "1725"]
[PlyCount "75"]
[EventDate "2016.08.07"]
[EventType "swiss"]
[EventRounds "9"]
[EventCountry "CAN"]

1. d4 d5 2. c4 e6 3. Nc3 Nf6 4. cxd5 exd5 5. Bg5 Be7 6. e3 c6 7. Bd3 Nbd7 8.
Nge2 O-O 9. O-O Re8 10. f3 Nf8 11. Bh4 Ng6 12. Bf2 Be6 13. h3 Qc8 14. e4 dxe4
15. fxe4 Rd8 16. Kh2 Qd7 17. Bc2 Qe8 18. Qe1 Qf8 19. Rd1 c5 20. d5 Bc8 21. Bg3
Bd6 22. Nf4 Ne5 23. Nd3 Nfd7 24. Nb5 Bb8 25. d6 Nxd3 26. Rxd3 a6 27. Nc3 b5 28.
e5 Nb6 29. Qe4 g6 30. Bh4 Rd7 31. Bf6 Bb7 32. Qh4 Nc4 33. Kh1 Nxb2 34. Rg3 b4
35. Ne4 Bxe4 36. Bxe4 Raa7 37. Bd5 Bxd6 38. Rxg6+ 1-0